Derniers vainqueurs de la vuelta - Statistiques

Statistiques générales
  • Ce quiz a été pris 108 fois
  • Le résultat moyen est 11 sur 15
Statistiques - réponses
Hint Réponse % Correct
2021 Roglic
94%
2020 Roglic
94%
2019 Roglic
94%
2017 Froome
90%
2011 Froome
90%
2014 Contador
83%
2012 Contador
83%
2008 Contador
83%
2010 Nibali
75%
2022 Evenepoel
69%
2016 Quintana
67%
2009 Valverde
55%
2015 Aru
43%
2013 Horner
39%
2018 S.Yates
13%
Aucun quiz correspondant
Distribution des résultats
% des personnes avec chaque résultat
Percentile par nombre de réponses
Votre historique - résultats
Vous n’avez pas pris ce quiz